00345nam a2200121 a 4500001000400000003000500004005001700009008004100026040002000067100002100087245009500108260002000203255CDMR20130409170001.0130130s1973||||||||||||||||||||||||||||d aCDMRbcatcCDMR1 aBassets, Lluís10aAproximación a una semiología de la imagen gráfica en prensacLuís Bassets Sanchez aBarcelonac1973